000 00397nam a22001337a 4500
008 180910b xxu||||| |||| 00| 0 eng d
020 _a9780323019538
041 _aeng
080 _a616.053
100 _a8
101 _aPED
245 _aAll In One Care Planing Resource Medical Surgical Pediatric Maternity And Psychiatric Nursing Care Plants
_cSwearingen,P
942 _2udc
_cBK
999 _c47628
_d47628